000 00572nam a22002177a 4500
005 20241022123251.0
010 _aENG-142239
020 _a9789393384737
_c199.00
035 _aEN-125771
037 _bDBAD
082 _aS
100 _aPrakash, Pankaj
_973145
245 _aThe Coffee/
_cby Pankaj Prakash
250 _aFirst
260 _bBluerose Publishers
_c2023
270 _minfo@bluerosepublishers.com
300 _a117p.
_c20cm(pb)
700 _aRamasamy, Praveenkumar
_973141
700 _aShanmugasundaram, Sowmika
_973142
942 _2ddc
_cEN
_hS
_mPRA
999 _c206566
_d206566